Catálogo

Reinventando recursos humanos : (Registro nro. 48192)

Detalles MARC
000 -LEADER
fixed length control field 01422cam a2200349 i 4500
001 - CONTROL NUMBER
control field 48192
003 - CONTROL NUMBER IDENTIFIER
control field Mx-PuUPA
005 - DATE AND TIME OF LATEST TRANSACTION
control field 20240410104031.0
008 - FIXED-LENGTH DATA ELEMENTS--GENERAL INFORMATION
fixed length control field 140415s2001 sp gr 000 0 spa d
017 ## - COPYRIGHT OR LEGAL DEPOSIT NUMBER
Copyright or legal deposit number B-6.927-2001
020 ## - INTERNATIONAL STANDARD BOOK NUMBER
International Standard Book Number 8480885831
040 ## - CATALOGING SOURCE
Original cataloging agency Mx-PuUPA
Language of cataloging spa
Transcribing agency Mx-PuUPA
Modifying agency Mx-PuUPA
Description conventions rda
041 1# - LANGUAGE CODE
Language code of text/sound track or separate title spa
Language code of original eng
240 10 - UNIFORM TITLE
Uniform title Re-inventing. Changing roles to create the high-performance organization.
Language of a work Español
245 #0 - TITLE STATEMENT
Title Reinventando recursos humanos :
Remainder of title cambiando los roles para crear la organización de alto rendimiento /
Statement of responsibility, etc. Margaret Butteriss ; traducido por Adria de Gispert
250 ## - EDITION STATEMENT
Edition statement Primera edición /
Remainder of edition statement abril
264 #1 - PRODUCTION, PUBLICATION, DISTRIBUTION, MANUFACTURE, AND COPYRIGHT NOTICE
Place of production, publication, distribution, manufacture Barcelona :
Name of producer, publisher, distributor, manufacturer Ediciones Gestión,
Date of production, publication, distribution, manufacture, or copyright notice 2001
300 ## - PHYSICAL DESCRIPTION
Extent 360 páginas :
Other physical details tablas ;
Dimensions 23 cm
336 ## - CONTENT TYPE
Fuente rdacontent
Content type term texto
Content type code txt
337 ## - MEDIA TYPE
Source rdamedia
Media type term sin medio
Media type code n
338 ## - CARRIER TYPE
Source rdacarrier
Carrier type term volumen
Carrier type code nc
650 #7 - SUBJECT ADDED ENTRY--TOPICAL TERM
Topical term or geographic name entry element Administración de personal
Source of heading or term armarc
650 #7 - SUBJECT ADDED ENTRY--TOPICAL TERM
Topical term or geographic name entry element Cambio organizacional
Source of heading or term armarc
650 #7 - SUBJECT ADDED ENTRY--TOPICAL TERM
Topical term or geographic name entry element Recursos humanos
Source of heading or term armarc
700 1# - ADDED ENTRY--PERSONAL NAME
Personal name Butteriss, Margaret,
Relator term editor
9 (RLIN) 14847
700 1# - ADDED ENTRY--PERSONAL NAME
Personal name Gispert, Adria de,
Relator term traductor
765 08 - ORIGINAL LANGUAGE ENTRY
Main entry heading Butteriss, Margaret,
Place, publisher, and date of publication Canada : John Wiley & Sons, 1998
Title Re-inventing. Changing roles to create the high-performance organization.
942 ## - ADDED ENTRY ELEMENTS (KOHA)
Source of classification or shelving scheme Dewey Decimal Classification
Koha item type Libro
Classification part 658.3
Item part R347
Existencias
Withdrawn status Lost status Source of classification or shelving scheme Damaged status Not for loan Collection code Home library Current library Shelving location Date acquired Source of acquisition Total Checkouts Total Renewals Full call number Barcode Date last seen Date last checked out Price effective from Koha item type Copy number
    Dewey Decimal Classification     General Biblioteca Karol Wojtyla Biblioteca Karol Wojtyla Sala general 03/12/2013 Compra 2 1 658.3 R347 2001 72125 05/01/2026 12/02/2022 03/12/2013 Libro  
    Dewey Decimal Classification     General Biblioteca Karol Wojtyla Biblioteca Karol Wojtyla Sala general 03/12/2013 Compra     658.3 R347 2001 48066 05/01/2026   03/12/2013 Libro Ej.2